000 00297nam a22001337a 4500
008 170816b xxu||||| |||| 00| 0 eng d
020 _a9780028243146
041 _aeng
080 _a51
100 _a36
101 _aMAT
245 _aADVANCED MATHEMATICAL CONCEPTS
_cYUNKER,L
942 _2udc
_cBK
999 _c23681
_d23681